|
|
|
|
| LEADER |
00000nam a2200000 a 4500 |
| 005 |
2014031806336.0 |
| 007 |
cr ||||||||||| |
| 008 |
140305s2013 sp |||||s|||||0|| ||spa|c |
| 020 |
|
|
|a 9788415923275
|
| 035 |
|
|
|a 11826
|
| 040 |
|
|
|d vLex
|
| 090 |
|
|
|c 4724
|d 4724
|
| 245 |
0 |
4 |
|a Las Reformas sobre el sistema de negociacin̤ colectiva en Espaą
|h [Recurso electrn̤ico] /
|c Margarita Isabel Ramos Quintana (directora) ; Mara̕ del Carmen Grau Pineda (coordinadora) ; M. Carlos Palomeque Lp̤ez ... [et al.]
|
| 256 |
|
|
|a Servicio en ln̕ea
|
| 260 |
|
|
|a Albacete :
|b Bomarzo,
|c 2013
|
| 300 |
|
|
|a 1 recurso electrn̤ico (184 p.)
|
| 500 |
|
|
|a La reforma laboral y su impacto en el sistema de negociacin̤ colectiva. La reforma sobre el sistema de negociacin̤ colectiva: un anl̀isis crt̕ico. La estructura y articulacin̤ de la negociacin̤ colectiva. Estructura de la negociacin̤ colectiva y flexibilidad interna: la preferencia del convenio colectivo de empresa en la ordenacin̤ de las condiciones de trabajo. Inaplicacin̤ de convenios colectivos: causas, procedimientos y efectos sobre las relaciones individuales de trabajo. La inaplicacin̤ parcial o descuelgue de convenios colectivos: puntos crt̕icos y posibles respuestas desde la autonoma̕ colectiva. Contenido de la negociacin̤ colectiva y modificacin̤ de condiciones de trabajo establecidas en convenio colectivo. Aplicacin̤ temporal del convenio colectivo: finalizacin̤ del convenio y rǧimen posterior de condiciones de trabajo (ultraactividad). Negociacin̤ colectiva en Canarias: una revisin̤ de problemas especf̕icos y soluciones alternativas. El tratamiento del empleo en la negociacin̤ colectiva.
|
| 506 |
1 |
|
|a Contenido solo disponible en los productos indicados
|d vLex Global
|d vLex Global (Academic Edition, excluding Law Schools)
|d vLex Global (U.S. Academic Edition, Law Schools)
|d vLex Global (U.S. Academic Edition, excluding Law Schools)
|d vLex Global (Academic Edition, Law Schools)
|
| 650 |
|
4 |
|a Convenios colectivos de trabajo
|
| 650 |
|
4 |
|a Negociaciones colectivas de trabajo
|
| 700 |
1 |
|
|a Ramos Quintana, Margarita Isabel,
|e dir.
|
| 700 |
1 |
|
|a Grau Pineda, Carmen,
|e coord.
|
| 700 |
1 |
|
|a Palomeque Lp̤ez, Manuel Carlos
|
| 740 |
0 |
|
|a vLex Libros (Servicio en ln̕ea)
|
| 856 |
4 |
0 |
|z Acceso restringido
|u http://vlex.com/source/reformas-sobre-el-sistema-de-negociacion-colectiva-en-espa-a-11826
|
| 942 |
|
|
|c BOOK
|
| 999 |
0 |
|
|a Collective labor agreements
|